=LDR 00000nam 2200000 4500 =001 INLIS000000000028718 =005 20130612131013 =008 ***********************************Ind** =035 ##$$0010-061300000028718 =041 ##$$a Ind =082 ##$$a 746 =090 ##$$a 746, Sar s =100 ##$$a Saraswati =245 ##$$a Seni makrame III, Saraswati =260 ##$$a 1987 $b Jakarta =300 ##$$a vi, 73 hlm, ilus, 21 cm =650 ##$$a Seni - Pelajaran Tangan =850 ##$$a NBPNMAT